000 00707cam a2200205 a 4500
020 _a9780824745967
040 _dDLC
082 0 0 _a530.155723
_222
100 1 _aGrigoryan, Artyom M.
245 1 0 _aMultidimensional discrete unitary transforms : representation partitioning and algorithms
_cArtyom M. Grigoryam, Sos S. Agaian.
260 _aNew York :
_bMarcel Dekker,
_cc2003.
300 _axiv, 521 p. :
_bill. ;
_c26 cm.
440 0 _aSignal processing and communications ;
504 _aIncludes bibliographical references (p. 515-517) and index.
650 0 _aUnitary transformations.
650 0 _aDiscrete groups.
650 0 _aUnitary groups.
700 1 _aAgaian, S. S.
942 _2ddc
_cBK
999 _c488191
_d488191